[Event "Sofia MTel Masters 2nd"]
[Site "Sofia"]
[Date "2006.05.19"]
[Round "8"]
[White "Kamsky, Gata"]
[Black "Anand, Viswanathan"]
[Result "1/2-1/2"]
[WhiteElo "2671"]
[BlackElo "2803"]
[Annotator "Marin,M"]
[PlyCount "78"]
[EventDate "2006.05.11"]
[EventType "tourn"]
[EventRounds "10"]
[EventCountry "BUL"]
[EventCategory "20"]
[SourceTitle "CBM 113"]
[Source "ChessBase"]
[SourceDate "2006.07.31"]
[SourceVersion "1"]
[SourceVersionDate "2006.07.31"]
[SourceQuality "1"]

1. e4 e5 2. Nf3 Nc6 3. Bb5 a6 4. Bxc6 {An early deviation from the otherwise
inevitable Anti-Marshall systems. Kamsky seems to have had enough of it here
in Sofia, although the practical results were quite favourable for him.} dxc6
5. O-O Bg4 6. h3 h5 7. d3 Qf6 8. Nbd2 Ne7 9. Nc4 {White choses a radical way
of releasing the king side tension.} (9. hxg4 {does not promisse an advantage:}
hxg4 10. g3 gxf3 11. Qxf3 Qe6 12. Nc4 c5 13. Be3 Nc6 14. Qf5 Qxf5 15. exf5 f6
16. f4 Bd6 17. fxe5 Nxe5 18. Nxe5 Bxe5 {Deviatkin,A (2495)-Fressinet,L (2636)/
playchess.com INT 2004/CBM 100 ext. It should be mentioned that fressinet is
an expert of the Exchange variation with White, too.}) ({White could have
maintained the tension with} 9. Re1 {but then} Ng6 {is considered to offer
Black a good game.}) 9... Bxf3 {This exchange is more or less forced now.} (
9... Ng6 $6 10. hxg4 $1 hxg4 11. Bg5 {This is the difference. The queen's
access to the h-file is denied.} Qe6 12. Nh2 $16 {Pribyl,J-Machacek,P/Havirov
1970/MCD}) 10. Qxf3 Qxf3 11. gxf3 Ng6 12. Rd1 ({Usually, White plays} 12. Be3 {
first. By placing the rook on d1 at such an early stage, White declares his
intention to transfer the king to the more central and safer e2-square.}) 12...
c5 13. Kf1 Bd6 14. Ke2 f6 $146 (14... Nf8 {worked out well in a previous game
where this position was reached.} 15. Be3 ({However, after the knight retreat} 
15. f4 $1 {is critical.}) 15... Ne6 16. c3 Ke7 17. a3 a5 18. a4 Rhd8 19. Rd2 f6
$11 {Sebag,M (2415)-Qin Kanying (2469)/Ekaterinburg 2006}) 15. c3 Kf7 16. Be3
Rhd8 17. a3 a5 18. a4 b6 {Pawn structures of both players are quite solid.
Strictly speaking, the f-pawns are weaker than the c-pawn, but the fact that
the black bishop is restricted by the own structure maintains the balance even.
} 19. Rdc1 {White prepares the opening of the queen side, but this plan will
not yield him any advantage.} ({The alternative consisted of putting pressure
on the g-file aiming to get rid of the double pawns by means of f4.} 19. Rg1
Nf8 (19... Rd7 20. Rg3) 20. f4 exf4 21. Nxd6+ cxd6 22. Bxf4 d5 23. Be3 Rd7 24.
b4 d4 25. cxd4 cxd4 26. Bd2 axb4 27. Rgb1 Ne6 28. Rxb4 $14) 19... Rd7 20. b4
cxb4 21. Nxd6+ cxd6 22. cxb4 axb4 23. Rcb1 d5 24. Rxb4 d4 25. Bd2 Rda7 26. f4 {
Finally getting rid of these annoying weaknesses and clearing the f3-square
for the king.} (26. Ra3 {would only lose time in view of} b5 $1 27. Rxb5 Rxa4
28. Rxa4 Rxa4) 26... Nxf4+ 27. Bxf4 exf4 28. Kf3 b5 ({In case of} 28... g5 29.
h4 Ra5 30. Rxb6 Rxa4 31. Rxa4 Rxa4 32. Rd6 {it is hard to see how Black can
make any progress, in spite of his extra-pawn.}) 29. Rxb5 Rxa4 30. Rb7+ Kf8 31.
Rg1 g5 32. h4 Ra1 33. Rxa1 Rxa1 34. Rb5 gxh4 35. Rxh5 Ra3 36. Rxh4 (36. Ke2 f3+
) 36... Rxd3+ 37. Ke2 Ra3 38. Rxf4 Ke7 39. Rf5 Ke6 1/2-1/2

[Event "Sofia MTel Masters 2nd"]
[Site "Sofia"]
[Date "2006.05.20"]
[Round "9"]
[White "Kamsky, Gata"]
[Black "Topalov, Veselin"]
[Result "0-1"]
[WhiteElo "2671"]
[BlackElo "2804"]
[Annotator "Ftacnik,L"]
[PlyCount "58"]
[EventDate "2006.05.11"]
[EventType "tourn"]
[EventRounds "10"]
[EventCountry "BUL"]
[EventCategory "20"]
[SourceTitle "CBM 113"]
[Source "ChessBase"]
[SourceDate "2006.07.31"]
[SourceVersion "1"]
[SourceVersionDate "2006.07.31"]
[SourceQuality "1"]

{[%mdl 2]} 1. e4 c5 2. Nf3 d6 3. d4 cxd4 4. Nxd4 Nf6 5. Nc3 a6 6. Bg5 e6 7. f4
Qb6 8. Nb3 Be7 9. Qf3 Nbd7 10. O-O-O Qc7 11. Bd3 b5 12. Rhe1 {Kamsky just
loves this line and the recent games present him as a successful promoter of 8.
Nb3.} Bb7 (12... b4 13. Ne2 Bb7 14. Ned4 (14. Kb1 h6 15. Bh4 a5 16. Ned4 a4 17.
Nb5 Qb8 18. N3d4 Nc5 19. g4 b3 20. c4 bxa2+ 21. Kxa2 O-O $13 {1-0 Kamsky,G 
(2690)-Sakaev,K (2668)/Khanty Mansyisk 2005 (37)}) 14... Nc5 15. Kb1 O-O (15...
h6 16. Bh4 O-O-O 17. Qf1 Rhe8 18. Nxc5 dxc5 19. Nf3 a5 20. Bxf6 Bxf6 21. Ba6
$14 {1-0 Kamsky,G (2686)-Novikov,I (2575)/San Diego 2006 (92)}) 16. g4 Rac8 17.
Qh3 Nxd3 18. cxd3 a5 19. Bxf6 Bxf6 20. g5 Be7 21. Qe3 Ba6 22. Rc1 $14 {0-1
Kamsky,G (2690)-Vallejo Pons,F (2674)/Khanty Mansyisk 2005 (62)}) 13. Qh3 $6 {
White have confessed, that he forgot the best moveorder. There are many moves
that might be better than the text.} (13. Nd4) (13. a3) (13. Qg3) (13. Kb1)
13... b4 14. Nb1 (14. Ne2 e5 (14... Nc5 15. Nxc5 Qxc5 16. Nd4 Kf8 17. Nb3 Qc7
18. e5 Nd5 19. Bxe7+ Qxe7 20. f5 dxe5 21. Rxe5 $16 {1-0 Gonda,G-Pineau,J (2280)
/Tokyo 1990 (38)}) (14... Nxe4 15. Bxe7 Kxe7 16. Qh4+ Ndf6 (16... Nef6 17. Ned4
g6 18. g4 $40) 17. Ng3 (17. g4 h6 $1 $17) 17... Nxg3 18. hxg3 a5 19. Nd4 Qc5
$15) 15. Ng3 g6 16. f5 O-O-O 17. Kb1 a5 18. Bb5 Kb8 19. Bxd7 Rxd7 20. fxg6 fxg6
21. Bxf6 $2 (21. Nxa5 Ba8 22. Bxf6 Bxf6 23. Qe6 $16) 21... Bxf6 22. Nxa5 {
1/2 Momo,S-Gudmundsson,A/Leipzig 1960 (62)} Rc8 $5 $11) 14... e5 $1 $146 {
Topalov has found this good move at the board, it makes lot of sense to
prevent the centralization of the knight via d4 square.} (14... Rc8 15. N1d2 e5
16. g4 a5 17. Bxf6 Nxf6 18. g5 Nd7 19. g6 a4 20. Qxh7 Rxh7 21. gxh7 axb3 22.
h8=Q+ Bf8 23. axb3 $16 {1-0 Danes,J (2074)-Vachal,J (2170)/Czechia 2001 (34)})
(14... a5 15. Nd4 Nc5 16. Bb5+ Kf8 17. Nd2 Rc8 18. e5 dxe5 19. fxe5 Nfe4 20.
Nxe4 Bxe4 21. Bxe7+ Qxe7 22. Kb1 h5 23. Be2 Qg5 24. Bf3 $14 {0-1 Kamsky,G 
(2690)-Smirin,I (2673)/Khanty Mansiysk 2005 (49)}) 15. N1d2 a5 16. Kb1 $6 (16.
Nc4 $5 a4 17. Nbd2 O-O $15) 16... a4 17. Nc1 O-O {Black has finished his
development in excellent form and White can only dream about the same level of
attack on the kingside.} (17... a3 18. b3 Qc3 $2 19. Nc4 $18) 18. Ne2 $2 (18.
g4 Nc5 19. Bxf6 Bxf6 20. g5 Be7 21. Bc4 exf4 22. Qg4 Rfc8 23. h4 Ba6 24. Qf5 (
24. Qxf4 Bxc4 25. Nxc4 Ne6 $19) (24. Nd3 b3 $1) 24... Ne6 25. b3 axb3 26. cxb3
g6 $17) 18... Rfc8 19. Ng3 g6 $1 {[%mdl 2048] Kamsky has misplaced both queen
and knight for the unreal dream of queenside attack. Both pieces will now be
sorely missed in the defense of the burning queenside.} (19... a3 20. Nf5 Bf8
$15) 20. Nc4 (20. Rc1 a3 21. c4 (21. b3 Qc3 22. Nc4 Rxc4 $19) 21... Nc5 $19)
20... Ba6 (20... b3 $5) 21. b3 axb3 22. cxb3 Nc5 {The disaster becomes visible
with naked eyes, on top of all troubles Black can penetrate via the a file.}
23. Ne2 (23. Bf1 Qa7 24. Rd2 Nxb3 $1 25. axb3 Bb7 26. Kc2 Qa2+ 27. Kd1 Qxb3+
28. Ke2 Qxc4+ 29. Kf2 Qc5+ $19) 23... Nfxe4 (23... Qa7 24. Nc1 Bxc4 25. Bxc4
Ncxe4 $19) 24. Bxe7 Qxe7 25. Bxe4 Nxe4 26. Nb6 Qa7 $1 {The cool move perfectly
epitomises the different fate of white and black pieces.} 27. Nxa8 (27. Nxc8
Bd3+ $1 28. Qxd3 Qxa2+ 29. Kc1 Qa1+ 30. Kc2 Ra2#) 27... Rxa8 28. a4 Bxe2 29.
Rc1 Qf2 {White has remained sitting on h3 with no perspective.} 0-1

[Event "Olympiad-37"]
[Site "Turin"]
[Date "2006.05.25"]
[Round "5"]
[White "Jobava, Baadur"]
[Black "Kamsky, Gata"]
[Result "0-1"]
[WhiteElo "2646"]
[BlackElo "2671"]
[Annotator "Marin,M"]
[PlyCount "114"]
[EventDate "2006.05.21"]
[EventType "team-swiss"]
[EventRounds "13"]
[EventCountry "ITA"]
[SourceTitle "CBM 113"]
[Source "ChessBase"]
[SourceDate "2006.07.31"]
[SourceVersion "1"]
[SourceVersionDate "2006.07.31"]
[SourceQuality "1"]
[WhiteTeam "Georgia"]
[BlackTeam "US of America"]
[WhiteTeamCountry "GEO"]
[BlackTeamCountry "USA"]

1. d4 d5 2. c4 c6 3. Nf3 Nf6 4. Nc3 a6 5. c5 Nbd7 6. Bf4 Nh5 7. Bd2 Nhf6 8. Rc1
g6 9. h3 Qc7 10. g3 Bg7 11. Bg2 ({Strictly speaking, it is Jobava who deviates
first from the recent game Topalov,V (2804)-Kamsky,G (2671)/Sofia 2006 which
went} 11. Bf4 Qd8 12. Bg2 Nh5 13. Bg5 h6 14. Bd2 O-O 15. e4 {and eventually
ended in a win for White, but maybe after 12.Bg2 Kamsky intended to play 12...
0-0 13.0-0 Nh5 followed by ...f5, thus transposing to the present game anyway?!
}) 11... O-O 12. Bf4 Qd8 13. O-O Nh5 14. Bd2 f5 15. Na4 e5 16. dxe5 Nxe5 17.
Nb6 Rb8 18. Bc3 Nf7 19. e3 Be6 20. Nd4 Qe8 21. b4 Ng5 22. a4 Ne4 23. Ba1 Rf7
24. Re1 Bf8 25. Nb3 h6 26. Be5 Rd8 27. Bd4 Nhf6 28. Na5 Bg7 29. Re2 g5 30. Qe1
Nh5 31. Nb3 Re7 32. Bxg7 Nxg7 33. Nd4 Bf7 34. b5 axb5 35. axb5 Bh5 36. f3 Nf6
37. bxc6 bxc6 38. Qc3 g4 39. fxg4 fxg4 40. h4 Bg6 41. Rf1 Nfh5 42. Ref2 Nxg3
43. Rf8+ Qxf8 44. Rxf8+ Rxf8 45. Qb3 N7f5 46. Bxd5+ cxd5 47. Qxd5+ Kh7 48. Nd7
Rff7 49. h5 Nxh5 50. Nxf5 Rxf5 51. Qd1 Rxe3 52. c6 Rg3+ 53. Kh1 Nf4 54. Nf6+
Rxf6 55. Qe1 Rh3+ 56. Kg1 Rf7 57. c7 Rxc7 0-1

[Event "Olympiad-37"]
[Site "Turin"]
[Date "2006.05.29"]
[Round "8"]
[White "Nielsen, Peter Heine"]
[Black "Kamsky, Gata"]
[Result "0-1"]
[WhiteElo "2646"]
[BlackElo "2671"]
[Annotator "Rogozenco,D"]
[PlyCount "78"]
[EventDate "2006.05.21"]
[EventType "team-swiss"]
[EventRounds "13"]
[EventCountry "ITA"]
[SourceTitle "CBM 113"]
[Source "ChessBase"]
[SourceDate "2006.07.31"]
[SourceVersion "1"]
[SourceVersionDate "2006.07.31"]
[SourceQuality "1"]
[WhiteTeam "Denmark"]
[BlackTeam "US of America"]
[WhiteTeamCountry "DEN"]
[BlackTeamCountry "USA"]

1. d4 d5 2. c4 c6 3. Nf3 Nf6 4. Nc3 a6 5. c5 Bf5 6. Bf4 Nbd7 7. e3 e6 (7... Nh5
$5) 8. Be2 Be7 9. Nd2 {Kramnik's plan became standard for White in this system.
The knight can support White's queenside play in the future. Besides, by
taking control of the square h5 White spares time for the move h3.} h6 (9...
Bg6 10. b4 Qc8 11. O-O Bd8 12. Rc1 Bc7 13. Bxc7 Qxc7 14. f4 $1 $14 {1-0
Kramnik,V-Topalov,V/Dortmund 1999 (40)}) 10. b4 Qc8 $146 {Quite unusually, in
this game both sides delay castling kingside for a little while, trying to
clarify matters on the queenside at first.} (10... O-O 11. O-O (11. g4 Bg6 12.
h4 a5 13. b5 e5 $132 {0-1 Mikhalevski,V (2532)-Kindermann,S (2519)/Bad Wiessee
2000 (37)}) 11... Qc8 (11... Re8 12. Bg3 Qc8 13. Bf3 a5 (13... Bd8 14. e4 dxe4
15. Bxe4 Nxe4 16. Ndxe4 Bxe4 17. Nxe4 $14 {1/2-1/2 Piket,J (2649)-Zagrebelny,S
(2536)/Istanbul 2000 (41)}) 14. b5 Bd3 15. Be2 Bg6 16. Rc1 $14 {1/2-1/2 Piket,
J (2633)-Movsesian,S (2668)/Breda 2000 (26)}) 12. Nb3 (12. Bf3 $5) 12... Bd8
13. a4 Bc7 14. Bxc7 Qxc7 15. f4 b6 {1/2-1/2 Volke,K (2483)-Kindermann,S (2536)/
Stuttgart 2004}) 11. Rc1 {It is never clear whether White should hurry with
such a move. The main purpose of placing the rook quickly on c1 is to
discourage Black's counterplay with ...b6, but in my opinion Black achieves
good play now.} ({More principled is} 11. O-O Bd8 12. Bf3 $5 $13 {/+/=,
preparing e3-e4.} (12. a4 O-O (12... Bc7 13. Bxc7 Qxc7 14. b5 $14 (14. f4 b6 $1
$11)) 13. b5 Ba5 $5 14. Qb3 $140 e5 $132)) 11... Bd8 12. a4 O-O 13. O-O Re8 $5
{Instead of the standard exchange of bishops by means of 13...Bc7, Kamsky
prepares ...e5 immediately. This plan has been known before as well.} ({After} 
13... Bc7 {White achieves some edge with} 14. Bxc7 Qxc7 15. f4 {and here Black
can consider} b6 $13) 14. b5 axb5 15. axb5 e5 {The position is equal.} 16. dxe5
({After} 16. Bg3 exd4 17. exd4 Bc7 18. bxc6 bxc6 $15 {[%csl Rd4][%cal Gd7f8,
Gf8e6] Black's pieces are better placed.}) 16... Nxe5 17. Bxe5 {A committing
move. White gains time for activating the knights.} (17. Nb3 $142 Bc7 18. Nd4
$11) 17... Rxe5 18. Nf3 Re8 19. Nd4 Bd7 $1 20. Na4 Bc7 21. Qc2 (21. Nb6 $6 Bxb6
22. cxb6 (22. bxc6 bxc6 23. cxb6 Qb7 $17) 22... c5 $132) 21... Qd8 22. Rb1 {
White's opening strategy failed. He must play accurately in order to keep the
balance.} Ne4 23. bxc6 Bxc6 (23... bxc6 $5) 24. Bb5 Qf6 25. Bxc6 bxc6 26. Rb7
Re7 27. g3 Qg6 28. Nc3 $4 {A silly blunder. It's even difficult to say what
could have been missed by White.} ({The player's logical previous play could
end up in an equal endgame:} 28. f3 Nxg3 ({Black can try to play for more than
equality with} 28... Nd2 $5 {but this is double-edged:} 29. Qxg6 (29. Nf5 Re5
30. Qxd2 Rxf5 31. Rxc7 Rxa4 $15) 29... fxg6 30. Nxc6 (30. Rf2 Nc4 31. Nxc6 Rf7
32. Nc3 Nxe3 $13) 30... Rf7 $13) 29. Qxg6 (29. hxg3 $2 Qxc2 30. Nxc2 Rxa4 $17)
29... fxg6 30. hxg3 Rxa4 31. Nxc6 Rf7 32. f4 Rc4 33. Rb5 $11) 28... Nxc3 $19
29. Qxg6 (29. Qxc3 Bxg3 {[%cal Ge7b7]} 30. Rxe7 Bd6+ 31. Kh1 Bxe7 $19 {and
besides being a pawn down, White also has a weak king.}) 29... fxg6 30. Nxc6
Rf7 {White has just a pawn for the piece. The rest is very simple - Black is
totally winning.} 31. Nb4 Be5 32. c6 Bd6 33. Nxd5 Nxd5 34. Rd1 Ra5 35. Rd7 (35.
e4 Nc3 36. Rxd6 (36. Rxf7 Nxd1 37. Rd7 Ra1 38. Kg2 Be5 39. f4 Ra2+ $19)) 35...
Rxd7 36. cxd7 Be7 37. Rc1 (37. e4 Kf7 38. exd5 Ra7 {is of course also hopeless
for White.}) 37... Kf7 38. Rc8 Ra1+ 39. Kg2 Rd1 0-1

[Event "Kamsky-Seirawan m"]
[Site "Playchess.com INT"]
[Date "2006.06.13"]
[Round "?"]
[White "Kamsky, Gata"]
[Black "Seirawan, Yasser"]
[Result "1-0"]
[WhiteElo "2686"]
[BlackElo "2636"]
[PlyCount "51"]
[EventDate "2006.06.13"]
[EventType "match (blitz)"]
[EventRounds "6"]
[EventCountry "GER"]
[SourceTitle "EXT 2008"]
[Source "ChessBase"]
[SourceDate "2007.11.25"]
[SourceVersion "1"]
[SourceVersionDate "2007.11.25"]
[SourceQuality "1"]

1. d4 d5 2. Nf3 Bf5 3. Bf4 e6 4. e3 Bd6 5. Bg3 Nf6 6. c4 c6 7. Nc3 O-O 8. Qb3
Bxg3 9. hxg3 Qb6 10. c5 Qc7 11. Be2 Nbd7 12. Nh4 Rae8 13. f4 Bg4 14. Nf3 b6 15.
cxb6 axb6 16. Rc1 c5 17. Ne5 Bxe2 18. Kxe2 Ra8 19. a3 Rfc8 20. Kf3 Nf8 21. g4
Ne8 22. g5 Nd6 23. Qc2 cxd4 24. exd4 Nf5 25. Qf2 Qc4 26. Nxc4 1-0

[Event "Kamsky-Seirawan m"]
[Site "Playchess.com INT"]
[Date "2006.06.13"]
[Round "?"]
[White "Kamsky, Gata"]
[Black "Seirawan, Yasser"]
[Result "1-0"]
[WhiteElo "2686"]
[BlackElo "2636"]
[PlyCount "67"]
[EventDate "2006.06.13"]
[EventType "match (blitz)"]
[EventRounds "6"]
[EventCountry "GER"]
[SourceTitle "EXT 2008"]
[Source "ChessBase"]
[SourceDate "2007.11.25"]
[SourceVersion "1"]
[SourceVersionDate "2007.11.25"]
[SourceQuality "1"]

1. d4 Nf6 2. Nf3 b6 3. Bf4 Bb7 4. e3 g6 5. h3 Bg7 6. c3 O-O 7. Nbd2 d6 8. Bh2
c5 9. Bd3 Na6 10. O-O Nc7 11. e4 cxd4 12. cxd4 Qd7 13. Re1 Rac8 14. Rc1 Ne6 15.
Rxc8 Rxc8 16. Qb3 Nh5 17. Bb5 Qc7 18. Bc4 Qd7 19. Bxe6 Qxe6 20. Qa4 Ra8 21. Rc1
Bh6 22. d5 Qf6 23. e5 Qg7 24. g4 Bxd5 25. g5 Bxg5 26. Nxg5 dxe5 27. Qd7 Nf6 28.
Rc8+ Rxc8 29. Qxc8+ Qf8 30. Qxf8+ Kxf8 31. Bxe5 Bxa2 32. Bxf6 exf6 33. Nge4 Ke7
34. b3 1-0

[Event "Kamsky-Seirawan m"]
[Site "Playchess.com INT"]
[Date "2006.06.13"]
[Round "?"]
[White "Kamsky, Gata"]
[Black "Seirawan, Yasser"]
[Result "1-0"]
[WhiteElo "2686"]
[BlackElo "2636"]
[PlyCount "83"]
[EventDate "2006.06.13"]
[EventType "match (blitz)"]
[EventRounds "6"]
[EventCountry "GER"]
[SourceTitle "EXT 2008"]
[Source "ChessBase"]
[SourceDate "2007.11.25"]
[SourceVersion "1"]
[SourceVersionDate "2007.11.25"]
[SourceQuality "1"]

1. d4 Nf6 2. Nf3 d5 3. Bf4 Bf5 4. e3 e6 5. c4 c6 6. Nc3 Nbd7 7. Be2 h6 8. h3
Be7 9. O-O O-O 10. a3 a6 11. b4 b5 12. c5 a5 13. Nd2 axb4 14. axb4 Qc8 15. Nb3
Ne4 16. Nxe4 dxe4 17. Qc2 Nf6 18. Rxa8 Qxa8 19. Ra1 Qb7 20. Bd6 Nd5 21. Bxe7
Qxe7 22. Qd2 e5 23. dxe5 Qxe5 24. Nd4 Bd7 25. Ra7 Nf6 26. Bd1 Re8 27. Bb3 Re7
28. Ne2 Be8 29. Ra8 Qc7 30. Nd4 g6 31. Qb2 Kg7 32. Qa1 h5 33. Ra6 h4 34. Nxb5
Qb8 35. Nd6 Qxb4 36. Nxe8+ Rxe8 37. Rxc6 Qxb3 38. Qxf6+ Kg8 39. Rd6 Qb1+ 40.
Kh2 Qc2 41. c6 Rf8 42. Qxh4 1-0

[Event "Kamsky-Seirawan m"]
[Site "Playchess.com INT"]
[Date "2006.06.13"]
[Round "?"]
[White "Seirawan, Yasser"]
[Black "Kamsky, Gata"]
[Result "0-1"]
[WhiteElo "2635"]
[BlackElo "2686"]
[PlyCount "104"]
[EventDate "2006.06.13"]
[EventType "match (blitz)"]
[EventRounds "6"]
[EventCountry "GER"]
[SourceTitle "EXT 2008"]
[Source "ChessBase"]
[SourceDate "2007.11.25"]
[SourceVersion "1"]
[SourceVersionDate "2007.11.25"]
[SourceQuality "1"]

1. e4 c5 2. g3 b6 3. Bg2 Bb7 4. Nc3 e6 5. d3 Nc6 6. f4 g6 7. Nf3 Bg7 8. O-O
Nge7 9. g4 h5 10. g5 d5 11. e5 Nf5 12. Ne2 Bf8 13. Ng3 Nxg3 14. hxg3 b5 15. c3
Be7 16. Be3 a5 17. Qe2 Ba6 18. Qf2 c4 19. dxc4 bxc4 20. Rfd1 Qb8 21. Bf1 a4 22.
a3 Na5 23. Rab1 Nb3 24. Be2 Qc7 25. Nd4 Nc5 26. Qh2 O-O-O 27. Nc2 Bb5 28. Nb4
Kb7 29. Bd4 Ka8 30. Qf2 Rc8 31. Qe3 Nb3 32. Kg2 Nxd4 33. Qxd4 Bc5 34. Qd2 h4
35. g4 Bxb4 36. axb4 Kb7 37. Qd4 Ra8 38. Ra1 a3 39. Rxa3 Rxa3 40. bxa3 Ra8 41.
Ra1 Qb6 42. Qxb6+ Kxb6 43. Kh3 d4 44. cxd4 c3 45. Bf3 Ra7 46. d5 c2 47. Rc1
Rxa3 48. Kg2 h3+ 49. Kf2 h2 50. dxe6 fxe6 51. Be4 Bd3 52. Bf3 Rb3 0-1

[Event "Kamsky-Seirawan m"]
[Site "Playchess.com INT"]
[Date "2006.06.13"]
[Round "?"]
[White "Seirawan, Yasser"]
[Black "Kamsky, Gata"]
[Result "1-0"]
[WhiteElo "2635"]
[BlackElo "2686"]
[PlyCount "69"]
[EventDate "2006.06.13"]
[EventType "match (blitz)"]
[EventRounds "6"]
[EventCountry "GER"]
[SourceTitle "EXT 2008"]
[Source "ChessBase"]
[SourceDate "2007.11.25"]
[SourceVersion "1"]
[SourceVersionDate "2007.11.25"]
[SourceQuality "1"]

1. e4 c5 2. g3 d5 3. exd5 Qxd5 4. Nf3 Bg4 5. Bg2 Qe6+ 6. Kf1 Bh3 7. d3 Nc6 8.
Be3 c4 9. Na3 cxd3 10. Qxd3 Bxg2+ 11. Kxg2 a6 12. Rad1 Nf6 13. Nc4 Rd8 14. Qb3
b5 15. Nce5 Qxb3 16. axb3 Nxe5 17. Rxd8+ Kxd8 18. Nxe5 Ke8 19. Ra1 Nd7 20. Nxd7
Kxd7 21. Rxa6 g6 22. Bd4 f6 23. Ra8 Bg7 24. Ra7+ Ke6 25. Rb7 Rd8 26. c3 Rd5 27.
b4 Bh6 28. Bc5 Rd7 29. Rxb5 Bc1 30. b3 Bb2 31. Bd4 Kf7 32. f4 h6 33. Rc5 Ra7
34. Ra5 Rc7 35. Ra2 1-0

[Event "Kamsky-Seirawan m"]
[Site "Playchess.com INT"]
[Date "2006.06.13"]
[Round "?"]
[White "Seirawan, Yasser"]
[Black "Kamsky, Gata"]
[Result "1-0"]
[WhiteElo "2635"]
[BlackElo "2686"]
[PlyCount "117"]
[EventDate "2006.06.13"]
[EventType "match (blitz)"]
[EventRounds "6"]
[EventCountry "GER"]
[SourceTitle "EXT 2008"]
[Source "ChessBase"]
[SourceDate "2007.11.25"]
[SourceVersion "1"]
[SourceVersionDate "2007.11.25"]
[SourceQuality "1"]

1. e4 c5 2. g3 d5 3. d3 dxe4 4. dxe4 Qxd1+ 5. Kxd1 Nc6 6. Be3 b6 7. c3 Nf6 8.
f3 Bb7 9. Nd2 e6 10. a4 Nd7 11. Kc2 Be7 12. Ne2 Nde5 13. Nc1 Rc8 14. Ncb3 O-O
15. Be2 Rfd8 16. f4 Nd7 17. a5 Nf6 18. axb6 axb6 19. e5 Nd5 20. Bf2 g5 21. Rhg1
Kf8 22. fxg5 Nxe5 23. h4 Ra8 24. Nc4 Nxc4 25. Bxc4 Bd6 26. Nd2 Ke7 27. Bd3 f5
28. Rae1 Kf7 29. Nc4 Ra4 30. Nxd6+ Rxd6 31. Bb5 Rg4 32. Be2 Re4 33. Bh5+ Kg7
34. Rxe4 fxe4 35. Re1 Rd8 36. Kc1 Rf8 37. Bg1 Ne7 38. Bd1 Nf5 39. Bc2 Nxg3 40.
Bh2 Rf3 41. Bxg3 Rxg3 42. Bxe4 Bxe4 43. Rxe4 Kf7 44. Rf4+ Ke7 45. Rf6 Rg1+ 46.
Kc2 Rg2+ 47. Kb3 b5 48. Rh6 c4+ 49. Kb4 Rxb2+ 50. Kc5 b4 51. Kxc4 bxc3 52. Kxc3
Rh2 53. Rxh7+ Kf8 54. g6 Kg8 55. h5 Rh4 56. Kd3 e5 57. Ke3 Rg4 58. Kf3 Rg5 59.
Ke4 1-0

[Event "New York Mayor's Cup"]
[Site "New York"]
[Date "2006.06.25"]
[Round "2"]
[White "Kamsky, Gata"]
[Black "Gulko, Boris F"]
[Result "0-1"]
[WhiteElo "2671"]
[BlackElo "2585"]
[PlyCount "132"]
[EventDate "2006.06.25"]
[EventType "tourn (rapid)"]
[EventRounds "10"]
[EventCountry "USA"]
[EventCategory "15"]
[SourceTitle "CBM 113 Extra"]
[Source "ChessBase"]
[SourceDate "2006.09.14"]
[SourceVersion "1"]
[SourceVersionDate "2006.09.14"]
[SourceQuality "1"]

1. d4 Nf6 2. Nf3 d5 3. Bf4 c5 4. e3 Nc6 5. c3 Qb6 6. Qc1 Bf5 7. Nbd2 e6 8. Be2
Be7 9. a3 O-O 10. O-O Rac8 11. dxc5 Bxc5 12. b4 Be7 13. c4 Nh5 14. Bg5 Bxg5 15.
Nxg5 Nf6 16. Qb2 Rfd8 17. c5 Qc7 18. Ngf3 a6 19. Nd4 Bg4 20. f3 Bh5 21. N2b3
Ne7 22. f4 Bxe2 23. Qxe2 e5 24. fxe5 Qxe5 25. Na5 Rc7 26. Qf3 Re8 27. Qf4 Qxf4
28. exf4 Nc6 29. Nab3 Re4 30. Rad1 g6 31. f5 Ng4 32. fxg6 hxg6 33. Nc2 Rc4 34.
h3 Rxc2 35. hxg4 Re7 36. Rf2 Rc3 37. Rf3 Rxf3 38. gxf3 Re3 39. Nd4 Rxa3 40. b5
axb5 41. Nxb5 Rxf3 42. Kg2 Rf4 43. Kg3 Rb4 44. Nd6 Ne5 45. Rxd5 Nxg4 46. Nxb7
Rxb7 47. Kxg4 Rb4+ 48. Kf3 f5 49. Ke3 Kg7 50. Kd3 Rb1 51. Kc4 f4 52. Rd3 Kf6
53. Kd5 Rc1 54. Ke4 Kg5 55. Rd2 Re1+ 56. Kf3 Re3+ 57. Kf2 Rc3 58. Rd5+ Kg4 59.
Ke2 f3+ 60. Kd2 Rc4 61. Ke3 g5 62. Re5 Rc3+ 63. Kf2 Kf4 64. Rd5 Rc2+ 65. Kf1
Kg4 66. Ke1 Kf4 0-1